000 00439nam a2200181Ia 4500
001 22267
005 20260414150820.0
008 260414t2016||||xx |||||||||||||| ||spa||
041 _aESP
082 _a621.3
_bM86A
100 _aMoreno Gil, José
_eAUT
245 0 _aInstalaciones eléctricas interiores
_b
260 _c2016
300 _axxi, 471 páginas :
_c27 cm.
650 _aTCA
654 _aCET
942 _cLIB
_dJUS
_fJUS
_2ddc
_n
999 _c22267
_d22267